Worlds of Welfare : understanding the changing geographies of social welfare provision
Saved in:
| Main Author: | |
|---|---|
| Format: | Book |
| Language: | English |
| Published: |
London :
Routledge,
c1997
|
| Subjects: | |
| Tags: |
Add Tag
No Tags, Be the first to tag this record!
|
MARC
| LEADER | 00000nam a2200000 i 4500 | ||
|---|---|---|---|
| 001 | 1/81542 | ||
| 008 | 990518s1997 eng d | ||
| 020 | |a 0-415-11188-9 | ||
| 035 | |l 10050902 | ||
| 040 | |a GR-MY-UA |b gre |e aacr | ||
| 041 | 0 | |a eng | |
| 082 | 0 | |a 361 | |
| 100 | 1 | |a Pinch, Steven. | |
| 245 | 1 | 0 | |a Worlds of Welfare : |b understanding the changing geographies of social welfare provision / |c Steven Pinch |
| 260 | |a London : |b Routledge, |c c1997 | ||
| 300 | |a 167 p. |b fig.; tabl. | ||
| 504 | |a Includes bibliographical references and index | ||
| 650 | 0 | 0 | |a Public welfare |x Cross-cultural studies. |
| 650 | 0 | 0 | |a Welfare state |x Cross-cultural studies. |
| 650 | 0 | 0 | |a Social policy |x Cross-cultural studies. |
| 852 | |a INST |b LESVOS |e 19990518 |h 361 PIN |p 005100016262 |q 005100016262 |t BK |y 0 | ||
| 901 | |a BIBL1-1999-2 | ||
| 909 | |a Λ |b 062189 | ||
| 922 | |a 1ΕΛΗ |b 199812 |c ΚΠΣ/ΤΓ |d LEADER | ||
| 950 | |a 118-1998-10-19 | ||